Wahrzeichen deutscher Städte - Statistiken

Allgemein
  • Dieses Quiz wurde 319 mal gespielt
  • Das Durchschnittsergebnis liegt bei 9 aus 15
Antwortstatistiken
Bildquiz Antwort % Korrekt
Berlin
100%
Köln
97%
Frankfurt
92%
Hamburg
89%
München
89%
Dresden
78%
Lübeck
75%
Düsseldorf
64%
Potsdam
63%
Ulm
55%
Heidelberg
54%
Leipzig
43%
Nürnberg
36%
Bonn
8%
Stralsund
8%
Keine übereinstimmenden Quizze gefunden
Verteilung der Resultate
Anzahl Personen mit jedem Resultat
Perzentil nach korrekt beantworteten Fragen
Ihre Resultats-Entwicklung
Sie haben dieses Quiz noch nicht gespielt